00482nam a2200181Ia 45000030006000000050017000060080041000230400009000640410012000730820013000851000019000982450049001172600009001663000007001759420007001829990017001899520094002060Nust20170105110305.0161124s9999 xx 000 0 und d cIGIS aEnglish a823bWAS aWasima Shahzad aConstruction Project Scheduling and Control  c2000 a65 cBK c31430d31430 001040708TextaIGISbIGISd0000-00-00l0o823WASpIGIS1338r2017-01-05w0000-00-00yBK